000 00358nam a2200157Ia 4500
008 230917s9999||||xx |||||||||||||| ||und||
020 _cPOU3.5
040 _e14137
_aMAIN
041 _aEnglish
082 _a519.2 C547R
100 _aClarke, L E
245 0 _aRandom variables
260 _aLondon
_bLongman
_c1975
300 _aix, 183 p.
942 _cBK
999 _c195090
_d195090